L'esthétique de Marcel Proust / (Record no. 64041)

MARC details
000 -LEADER
campo de control de longitud fija 00611nam a2200193 i 4500
001 - NÚMERO DE CONTROL
campo de control 64041
003 - IDENTIFICADOR DE NÚMERO DE CONTROL
campo de control ES-MaACL
005 - FECHA Y HORA DE LA ÚLTIMA TRANSACCIÓN
campo de control 20240124150540.0
007 - CAMPO FIJO DE DESCRIPCIÓN FÍSICA--INFORMACIÓN GENERAL
campo de control de longitud fija t|
008 - DATOS DE LONGITUD FIJA--INFORMACIÓN GENERAL
campo de control de longitud fija 031219s1933 fr ||||1| fre d
100 1# - ENTRADA PRINCIPAL--NOMBRE DE PERSONA
Nombre de persona Fiser, Emeric.
9 (RLIN) 51020
245 12 - MENCIÓN DEL TÍTULO
Título L'esthétique de Marcel Proust /
Mención de responsabilidad, etc. Emeric Fiser ; préface de Valery Larbaud.
260 ## - PUBLICACIÓN, DISTRIBUCIÓN, ETC.
Lugar de publicación, distribución, etc. Paris :
Nombre del editor, distribuidor, etc. [s.n.],
Fecha de publicación, distribución, etc. 1933 (
Lugar de fabricación/manufactura Niort :
Fabricante Saint-Denis)
300 ## - DESCRIPCIÓN FÍSICA
Extensión 217 p. ;
Dimensiones 19 cm.
600 17 - PUNTO DE ACCESO ADICIONAL DE MATERIA--NOMBRE DE PERSONA
Nombre de persona Proust, Marcel,
Fechas asociadas al nombre 1871-1922-
Subdivisión general Crítica e interpretación
Fuente del encabezamiento o término
9 (RLIN) 137491
700 1# - ENTRADA AGREGADA--NOMBRE PERSONAL
Nombre de persona Larbaud, Valéry.
9 (RLIN) 70226
852 ## - LOCALIZACIÓN
Ubicación ES-MaACL
Número de control de estantería A-3608
Holdings
Estatus retirado Estado de pérdida Estado de daño No para préstamo Biblioteca de origen Biblioteca actual Ubicación en estantería Fecha de adquisición Fuente de adquisición Total de préstamos Signatura topográfica completa Código de barras Visto por última vez Precio de reemplazo Tipo de ítem Koha
        Biblioteca del Ateneo de Madrid Biblioteca del Ateneo de Madrid Sala Pecera Planta 1 17/01/2008     A-3608 1067114 23/02/2023 23/02/2023 Libro impreso